00549nam a22001697a 450000500170000001000150001702000270003203500140005903700130007308200120008610000150009824500700011326000440018327000770022730000250030450000500032920200305170710.0 aENG-128005 a9789353286958c1295.00 aEN-111537 bDBAD/PUB a305.697 aZfar Iqbal aIslamophobia:cby Zfar Iqbalbhistory Context and deconstruction/ aNew DelhibSage Publication Indiac2020 aB1/1-1 Mohan Cooperative Industrial Area Mathura RoadbNew Delhie110044 axiii;316p.c22cm(hb) aincludes bibliographical references and index